<?xml version="1.0" encoding="UTF-8"?>
<record
    xmlns:xsi="http://www.w3.org/2001/XMLSchema-instance"
    xsi:schemaLocation="http://www.loc.gov/MARC21/slim http://www.loc.gov/standards/marcxml/schema/MARC21slim.xsd"
    xmlns="http://www.loc.gov/MARC21/slim">

  <leader>01076nam a22001577a 4500</leader>
  <controlfield tag="008">110711t        xxu||||| |||| 00| 0 eng d</controlfield>
  <datafield tag="010" ind1=" " ind2=" ">
    <subfield code="a">CDOCF139</subfield>
  </datafield>
  <datafield tag="245" ind1=" " ind2=" ">
    <subfield code="a">High Court Misc. Application No................. OF 1997(Arising out of Civil Suit No. 683 of 1995) B.A.T. International S.P.A Vs Giancarlo Nasce and another </subfield>
  </datafield>
  <datafield tag="260" ind1=" " ind2=" ">
    <subfield code="c">1997</subfield>
  </datafield>
  <datafield tag="500" ind1=" " ind2=" ">
    <subfield code="a">(Chamber Summons) 
Under 0.10 rr 1,2,12 and Rules 24 of the Civil Procedure Rules.</subfield>
  </datafield>
  <datafield tag="999" ind1=" " ind2=" ">
    <subfield code="c">4684</subfield>
    <subfield code="d">4684</subfield>
  </datafield>
  <datafield tag="952" ind1=" " ind2=" ">
    <subfield code="0">0</subfield>
    <subfield code="1">0</subfield>
    <subfield code="2">ddc</subfield>
    <subfield code="4">0</subfield>
    <subfield code="6">HCMAF__139</subfield>
    <subfield code="7">0</subfield>
    <subfield code="9">8345</subfield>
    <subfield code="a">MAIN</subfield>
    <subfield code="b">MAIN</subfield>
    <subfield code="c">REF</subfield>
    <subfield code="d">2011-07-11</subfield>
    <subfield code="l">0</subfield>
    <subfield code="o">HCMAF_139</subfield>
    <subfield code="p">2011/3026</subfield>
    <subfield code="r">2011-07-11 00:00:00</subfield>
    <subfield code="w">2011-07-11</subfield>
    <subfield code="y">URC</subfield>
  </datafield>
  <datafield tag="952" ind1=" " ind2=" ">
    <subfield code="0">0</subfield>
    <subfield code="1">0</subfield>
    <subfield code="2">ddc</subfield>
    <subfield code="4">0</subfield>
    <subfield code="6">HCMA__F139</subfield>
    <subfield code="7">0</subfield>
    <subfield code="9">8354</subfield>
    <subfield code="a">MAIN</subfield>
    <subfield code="b">MAIN</subfield>
    <subfield code="c">REF</subfield>
    <subfield code="d">2011-07-11</subfield>
    <subfield code="l">0</subfield>
    <subfield code="o">HCMA_F139</subfield>
    <subfield code="p">2011/3027</subfield>
    <subfield code="r">2011-07-11 00:00:00</subfield>
    <subfield code="w">2011-07-11</subfield>
    <subfield code="y">URC</subfield>
  </datafield>
  <datafield tag="952" ind1=" " ind2=" ">
    <subfield code="0">0</subfield>
    <subfield code="1">0</subfield>
    <subfield code="2">ddc</subfield>
    <subfield code="4">0</subfield>
    <subfield code="6">HCMA__F139</subfield>
    <subfield code="7">0</subfield>
    <subfield code="9">8355</subfield>
    <subfield code="a">MAIN</subfield>
    <subfield code="b">MAIN</subfield>
    <subfield code="c">REF</subfield>
    <subfield code="d">2011-07-11</subfield>
    <subfield code="l">0</subfield>
    <subfield code="o">HCMA_F139</subfield>
    <subfield code="p">2011/3028</subfield>
    <subfield code="r">2011-07-11 00:00:00</subfield>
    <subfield code="w">2011-07-11</subfield>
    <subfield code="y">URC</subfield>
  </datafield>
  <datafield tag="952" ind1=" " ind2=" ">
    <subfield code="0">0</subfield>
    <subfield code="1">0</subfield>
    <subfield code="2">ddc</subfield>
    <subfield code="4">0</subfield>
    <subfield code="6">HCMA__F139</subfield>
    <subfield code="7">0</subfield>
    <subfield code="9">8356</subfield>
    <subfield code="a">MAIN</subfield>
    <subfield code="b">MAIN</subfield>
    <subfield code="c">REF</subfield>
    <subfield code="d">2011-07-11</subfield>
    <subfield code="l">0</subfield>
    <subfield code="o">HCMA_F139</subfield>
    <subfield code="p">2011/3029</subfield>
    <subfield code="r">2011-07-11 00:00:00</subfield>
    <subfield code="w">2011-07-11</subfield>
    <subfield code="y">URC</subfield>
  </datafield>
  <datafield tag="952" ind1=" " ind2=" ">
    <subfield code="0">0</subfield>
    <subfield code="1">0</subfield>
    <subfield code="2">ddc</subfield>
    <subfield code="4">0</subfield>
    <subfield code="6">HCMAF__139</subfield>
    <subfield code="7">0</subfield>
    <subfield code="9">8358</subfield>
    <subfield code="a">MAIN</subfield>
    <subfield code="b">MAIN</subfield>
    <subfield code="c">REF</subfield>
    <subfield code="d">2011-07-11</subfield>
    <subfield code="l">0</subfield>
    <subfield code="o">HCMAF_139</subfield>
    <subfield code="p">2011/3030</subfield>
    <subfield code="r">2011-07-11 00:00:00</subfield>
    <subfield code="w">2011-07-11</subfield>
    <subfield code="y">URC</subfield>
  </datafield>
</record>
